Tesoro de la lengua castellana o española (Record no. 7000)

MARC details
000 -CABECERA
campo de control de longitud fija 01392nam a2200265 a 4500
001 - NÚMERO DE CONTROL
campo de control BRCA_7324
005 - FECHA Y HORA DE LA ÚLTIMA TRANSACCIÓN
campo de control 20190320205808.0
008 - DATOS DE LONGITUD FIJA--INFORMACIÓN GENERAL
campo de control de longitud fija 110712s1943----sp-a######---#000-0#spa-#
041 ## - CÓDIGO DE LENGUA
Código de lengua del texto/banda sonora o título independiente spa
044 ## - CÓDIGO DEL PAÍS DE LA ENTIDAD EDITORA/PRODUCTORA
Código MARC del país sp
050 #4 - SIGNATURA TOPOGRÁFICA DE LA BIBLIOTECA DEL CONGRESO
Número de clasificación PC4620
Número de documento/Ítem .C68 1943
100 1# - ENTRADA PRINCIPAL--NOMBRE DE PERSONA
Nombre de persona Covarrubias Horozco, Sebastián de
9 (RLIN) 18114
245 10 - MENCIÓN DE TÍTULO
Título Tesoro de la lengua castellana o española
Resto del título según la impresión de 1611, con las adiciones de Benito Remigio Noydens publicadas en la de 1674
Mención de responsabilidad, etc. Sebastián de Covarrubias ; edición preparada por Martín de Riquer.
260 ## - PUBLICACIÓN, DISTRIBUCIÓN, ETC.
Lugar de publicación, distribución, etc. España
Nombre del editor, distribuidor, etc. S. A. Horta, I. E.
Fecha de publicación, distribución, etc. 1943
300 ## - DESCRIPCIÓN FÍSICA
Extensión xv, 1093 p.
Otras características físicas il.
Dimensiones 28 cm.
500 ## - NOTA GENERAL
Nota general Incluye índice alfabético
500 ## - NOTA GENERAL
Nota general Incluye portada de la primera edición: Tesoro de la Lengva Castellana, o Española. Compvuesto por el Licenciado Don Sebastian de Cobarruvias Orozco, Capellan de su Magestad, Mastrescuela y Canonigo de la Santa Yglesia de Cuenca, y Consultor del Santo Oficio de la Inquisicion. Dirigido a la Magestad Catolica del Rey Don Felipe III. nuestro señor. Madrid: Luiz Sanchez, impressor del Rey N S., 1611
500 ## - NOTA GENERAL
Nota general Diccionario inventariado por Banco de México como libro
500 ## - NOTA GENERAL
Nota general N29
650 14 - PUNTO DE ACCESO ADICIONAL DE MATERIA--TÉRMINO DE MATERIA
Término de materia o nombre geográfico como elemento de entrada Español
Subdivisión de forma Diccionarios
9 (RLIN) 18115
700 1# - PUNTO DE ACCESO ADICIONAL--NOMBRE DE PERSONA
Nombre de persona Noydens, Benito Remigio
Fechas asociadas al nombre 1630-1685
9 (RLIN) 18116
700 1# - PUNTO DE ACCESO ADICIONAL--NOMBRE DE PERSONA
Nombre de persona Riquer, Martín de
Títulos y otros términos asociados al nombre Conde de Casa Dávalos
Fechas asociadas al nombre 1914-
Término indicativo de función/relación Editor
9 (RLIN) 18117
902 ## - CATALOGADOR
Iniciales GFM
942 ## - ELEMENTOS DE PUNTO DE ACCESO ADICIONAL (KOHA)
Fuente del sistema de clasificación o colocación Library of Congress Classification
Tipo de ítem Koha Libros
Holdings
Estado de retiro Estado de pérdida Estado dañado No para préstamo Localización permanente Ubicación/localización actual Fecha de adquisición Número de inventario Total de préstamos Signatura topográfica completa Código de barras Fecha visto por última vez Precio válido a partir de Tipo de ítem Koha
El ejemplar forma parte de la colección y puede ser consultado según las políticas vigentes.       Biblioteca del Museo Franz Mayer (Rogerio Casas-Alatriste) Biblioteca del Museo Franz Mayer (Rogerio Casas-Alatriste) 11/07/2012 N29   PC4620 .C68 1943 (N29) 7907 22/03/2019 22/03/2019 Libros